000 00600nam a22002057a 4500
999 _c153
_d153
003 OSt
005 20191002115359.0
008 140709b xxu||||| |||| 00| 0 eng d
020 _a9780470233993
040 _c040a
082 _222
_a005.43
_bSIL 2010
100 _aSilberschatz, Abraham; Galvin, Peter B.; Gagne, Greg.
_9413
245 _aOperating System Concepts
250 _a8th.ed.
260 _aNew York;
_bJohn Wiley and sons,
_c2010
300 _axx, 972p .
_bill.
_c26cm .
504 _aincludes bibliographical references and index
650 _aoperating systems
_927
942 _2z
_cB_BANK